Financial management : (Record no. 18591)
[ view plain ]
| 000 -LEADER | |
|---|---|
| fixed length control field | 01208nam a2200325 a 4500 |
| 001 - CONTROL NUMBER | |
| control field | 016066468 |
| 003 - CONTROL NUMBER IDENTIFIER | |
| control field | OSt |
| 005 - DATE AND TIME OF LATEST TRANSACTION | |
| control field | 20201128021121.0 |
| 008 - FIXED-LENGTH DATA ELEMENTS--GENERAL INFORMATION | |
| fixed length control field | 120326t2013 xxka frd 001 0 eng d |
| 020 ## - INTERNATIONAL STANDARD BOOK NUMBER | |
| International Standard Book Number | 9780273768470 (pbk.) |
| 020 ## - INTERNATIONAL STANDARD BOOK NUMBER | |
| International Standard Book Number | 0273768476 (pbk.) |
| 040 ## - CATALOGING SOURCE | |
| Original cataloging agency | StDuBDS |
| Language of cataloging | eng |
| Transcribing agency | StDuBDS |
| Modifying agency | Uk |
| -- | EG-ScBUE |
| 082 00 - DEWEY DECIMAL CLASSIFICATION NUMBER | |
| Classification number | 658.15 |
| Edition number | 22 |
| Item number | BRO |
| 100 1# - MAIN ENTRY--PERSONAL NAME | |
| Personal name | Brooks, Raymond, |
| Dates associated with a name | 1950- |
| 9 (RLIN) | 36481 |
| 245 10 - TITLE STATEMENT | |
| Title | Financial management : |
| Remainder of title | core concepts / |
| Statement of responsibility, etc | Raymond M. Brooks ; contributions by Abhik Kumar Mukherjee. |
| 250 ## - EDITION STATEMENT | |
| Edition statement | 2nd ed., |
| Remainder of edition statement | international ed. |
| 260 ## - PUBLICATION, DISTRIBUTION, ETC. (IMPRINT) | |
| Place of publication, distribution, etc | Harlow, United Kingdom : |
| Name of publisher, distributor, etc | Pearson Education Limited, |
| Date of publication, distribution, etc | c.2013 |
| Manufacturer | (Courier Kendallville) |
| 300 ## - PHYSICAL DESCRIPTION | |
| Extent | 645 p. : |
| Other physical details | ill. (col.) ; |
| Dimensions | 28 cm. |
| 490 1# - Series Statement | |
| Series statement | The Prentice Hall series in finance |
| 500 ## - GENERAL NOTE | |
| General note | Previous ed. : Upper Saddle River, N.J.: Pearson, 2010. |
| 500 ## - GENERAL NOTE | |
| General note | Index : p. 637-644. |
| 500 ## - GENERAL NOTE | |
| General note | Glossary : p. 627-636. |
| 500 ## - GENERAL NOTE | |
| General note | Includes appendixes. |
| 650 #0 - SUBJECT ADDED ENTRY--TOPICAL TERM | |
| Topical term or geographic name as entry element | Business enterprises |
| General subdivision | Finance |
| 9 (RLIN) | 1452 |
| 653 ## - INDEX TERM--UNCONTROLLED | |
| Resource For college | BAEPS, Business Administration |
| Arrived date list | November2014 |
| 655 ## - INDEX TERM--GENRE/FORM | |
| Form subdivision | |
| -- | 34232 |
| 700 1# - ADDED ENTRY--PERSONAL NAME | |
| Personal name | Mukherjee, Abhik Kr. |
| Fuller form of name | (Abhik Kumar) |
| 9 (RLIN) | 36482 |
| Relator term | contributor. |
| 830 #0 - SERIES ADDED ENTRY--UNIFORM TITLE | |
| Uniform title | Prentice Hall series in finance |
| 9 (RLIN) | 19996 |
| 942 ## - ADDED ENTRY ELEMENTS (KOHA) | |
| Source of classification or shelving scheme | Dewey Decimal Classification |
| Call number prefix | 658.15 BRO |
| Withdrawn status | Item status | Source of classification or shelving scheme | Damaged status | Not for loan | Vendor | Home library | Current library | Shelving location | Date acquired | Source of acquisition | Cost, normal purchase price | Serial Enumeration / chronology | Total Checkouts | Full call number | Barcode | Date last seen | Cost, replacement price | Koha item type |
|---|---|---|---|---|---|---|---|---|---|---|---|---|---|---|---|---|---|---|
| Dewey Decimal Classification | Baccah | Central Library | Central Library | First floor | 10/11/2014 | Purchase | 255.00 | 20677 | 658.15 BRO | 000036969 | 15/07/2025 | 318.75 | Book - Borrowing |